00465nam a2200133Ia 4500008004100000245006200041260002800103260000900131650001800140650001500158856006600173999001900239952007300258170221s9999 xx 000 0 und d 4aThe Nanking Atrocity: Still and Moving Images 1937–1945 bMedia and Communication c2016 xCommunication xMedia Arts uhttp://www.librelloph.com/mediaandcommunication/issue/current c309183d309183 001040aCLbCLd2017-02-21l0r2017-02-21 00:00:00w2017-02-21yFOJ